Aquaculture : principles and practices

Αποθηκεύτηκε σε:
Λεπτομέρειες βιβλιογραφικής εγγραφής
Κύριος συγγραφέας: Pillay, T. V. R.
Άλλοι συγγραφείς: Kutty, M. N.
Μορφή: Βιβλίο
Γλώσσα:English
Δημοσίευση: Oxford, UK : Blackwell Pub., 2005
Έκδοση:2nd ed.
Θέματα:
Ετικέτες: Προσθήκη ετικέτας
Δεν υπάρχουν, Καταχωρήστε ετικέτα πρώτοι!

MARC

LEADER 00000nam a2200000 i 4500
001 1/51676
008 070810s2005 eng d
020 |a 089-1-4051-0532-3 
020 |a 1-4051-0532-1 
035 |l 10089786 
040 |a GR-MY-UA  |b gre  |e aacr 
041 0 |a eng 
082 0 |a 639.8  |2 (22) 
100 1 |a Pillay, T. V. R. 
245 1 0 |a Aquaculture :  |b principles and practices /  |c T.V.R. Pillay and M.N. Kutty 
250 |a 2nd ed. 
260 |a Oxford, UK :   |b Blackwell Pub.,   |c 2005 
300 |a xvi, 624 σ.;  |b εικ.;  |c 26 εκ. 
504 |a Περιέχει βιβλιογραφικές παραπομπές 
650 0 0 |a Aquaculture. 
700 1 |a Kutty, M. N. 
852 |a INST  |b LESVOS  |e 20070810  |h 639.8 PIL  |p 005100039310  |q 005100039310  |t BK  |y 0 
901 |a BIBL1-2007-2 
909 |a Λ  |b 138302 
922 |a 1ΕΛΗ  |b 200707  |c ΕΠΕΑΕΚ2/ΤΠ  |d ΠΑΠΑΣΩΤΗΡΙΟΥ 
970 |a ΚΑΡΑ  |b ΓΙΑΣΕΜΗ  |z 2007/08/10